Größte Städte Italien - Statistiken

Allgemein
  • Dieses Quiz wurde 503 mal gespielt
  • Das Durchschnittsergebnis liegt bei 23 aus 50
Antwortstatistiken
Hint Antwort % Korrekt
2.837.332 Rom
98%
1.396.059 Mailand
97%
962.589 Neapel
94%
870.952 Turin
93%
259.150 Venedig
92%
657.960 Palermo
87%
372.038 Florenz
86%
574.090 Genua
86%
390.625 Bologna
78%
259.608 Verona
74%
322.316 Bari
72%
107.407 Bozen
64%
203.234 Triest
62%
121.781 Bergamo
60%
198.292 Parma
58%
153.231 Cagliari
57%
311.402 Catania
55%
151.200 Rimini
52%
99.051 Udine
52%
229.565 Messina
48%
212.395 Padua
47%
199.579 Brescia
43%
186.830 Modena
41%
157.024 Livorno
40%
124.051 Monza
40%
118.902 Trient
40%
100.282 Ancona
38%
158.058 Ravenna
38%
96.534 Lecce
37%
132.702 Salerno
37%
166.969 Perugia
36%
119.800 Pescara
35%
195.227 Tarent
32%
132.195 Ferrara
28%
178.760 Reggio Calabria
28%
149.904 Foggia
25%
120.405 Syrakus
25%
111.764 Vicenza
25%
104.315 Piacenza
24%
103.985 Novara
19%
194.913 Prato
19%
118.000 Forlì
18%
126.218 Sassari
17%
129.133 Latina
16%
99.258 Arezzo
14%
110.530 Terni
14%
97.190 Cesena
13%
99.307 Andria
9%
172.124 Reggio nell’Emilia
7%
125.058 Giugliano in Campania
5%
Keine übereinstimmenden Quizze gefunden
Verteilung der Resultate
Anzahl Personen mit jedem Resultat
Perzentil nach korrekt beantworteten Fragen
Ihre Resultats-Entwicklung
Sie haben dieses Quiz noch nicht gespielt